000 00576cam a2200205 a 4500
999 _c111078
_d111078
001 17006294
005 20190302113910.0
008 111019s2013 at ab b 001 0 eng
020 _a9781111834722 (pbk.)
020 _a1111834725
040 _cPK-LaUMT
082 _a291
_bMAT-W
100 1 _aMatthews, Alfred Warren
245 1 0 _aWorld religions /
_cby Warren Matthews
250 _a7th ed.
260 _aAustralia :
_bCengage Learning Wadsworth,
_c2013
300 _axxii, 440 p. :
_bill. (chiefly col.), col. maps ;
_c26 cm.
650 0 _aReligions.
942 _cBK